Novelizácia zákona č. 289/1995 Z.z. o dani z pridanej hodnoty v praxi

Bibliographic Details
Main Author: Minársky, Ján (Author)
Format: Article
Language:Slovak
ISSN:1335-1583
Subjects:

MARC

LEADER 00000nab a2200000 a 4500
001 vtls000660279
003 SK-MaSNL
005 20260302191316.0
008 180206c1998 xo 0 slo
015 |a SNBRB1998/05-13634 
035 |a CLN000012471 
040 |a SNKBUCL  |b slo  |c SNKBUCL  |e AACR2 
041 0 |a slo 
044 |a xo  |c SK 
080 |a 336.271.1:340.133  |2 UDC-MRF-SK2 
080 |a 340.133  |2 UDC-MRF-SK2 
100 1 |a Minársky, Ján  |4 aut  |9 11954 
245 1 0 |a Novelizácia zákona č. 289/1995 Z.z. o dani z pridanej hodnoty v praxi  |c Ján Minársky 
650 0 7 |a daň z pridanej hodnoty  |x úpravy právne  |x novelizácia  |2 snkbucl  |9 906690 
655 7 |a články z novín a časopisov  |2 snkbucl  |9 267496 
773 0 |x 1335-1583  |t Poradca  |g Č. 9 (1998), s. 124-129 
850 |a Slovenská národná knižnica v Martine 
852 |a SNK  |b KIS3GCP 
958 |a RBX 
999 |c 1436739  |d 1438669